Every Everton player from 2015-2025 - Statistics

General Stats
  • This quiz has been taken 83 times
  • The average score is 36 of 122
Answer Stats
Answer % Correct
Pickford
90%
Coleman
81%
Lukaku
78%
Tarkowski
75%
Barry
73%
Kean
73%
Baines
72%
Calvert-Lewin
70%
Gueye
69%
Beto
66%
Mykolenko
66%
Grealish
64%
Richarlison
64%
Rodriguez
64%
Rooney
64%
Branthwaite
58%
Garner
58%
Howard
57%
Keane
55%
McNeil
55%
Ndiaye
55%
Mirallas
54%
Digne
52%
O'brien
52%
Jagielka
51%
Barkley
46%
Sigurdsson
46%
Patterson
43%
Dewsbury hall
42%
Doucoure
39%
Mina
39%
Stones
39%
Begovic
37%
Davies
37%
Iwobi
36%
Pienaar
34%
Williams
34%
Dibling
33%
Gomes
33%
Gordon
33%
Holgate
33%
Onana
33%
Alcaraz
30%
Distin
30%
Robles
30%
Rohl
30%
Tosun
30%
Walcott
30%
Young
30%
Allan
27%
Godfrey
27%
Hibbert
27%
Klaassen
27%
Naismith
27%
Stekelenburg
27%
Armstrong
25%
Funes mori
25%
George
25%
Iroegbunam
25%
McCarthy
25%
Schneiderlin
25%
Bernard
24%
King
24%
Rondon
24%
Alli
22%
Coady
21%
Eto’o
21%
Kone
21%
Lookman
21%
Townsend
21%
Delph
19%
Martina
19%
Aznou
18%
Gbamin
18%
Gibson
18%
Sandro
18%
Virginia
18%
Dobbin
16%
Lennon
16%
Niasse
16%
Zouma
16%
Simms
15%
Travers
15%
Besic
13%
Olsen
13%
Oviedo
13%
Sidibe
13%
Vlasic
13%
Lindstrom
12%
Maupay
12%
McGeady
12%
Chermiti
10%
Kenny
10%
Cleverley
9%
Danjuma
9%
Dowell
9%
Garbutt
9%
Campbell
7%
Cannon
7%
Lonergan
7%
Onyango
7%
Pennington
7%
Vinagre
7%
Browning
6%
Galloway
6%
Mills
6%
Dixon
4%
Nkounkou
4%
Price
4%
Valencia
4%
Welch
4%
Connolly
3%
Hornby
3%
Baningime
1%
Feeney
1%
Francisco Junior
1%
Ledson
1%
McAleny
1%
Kennedy
0%
Okoronkwo
0%
No matching quizzes found
Score Distribution
Percent of People with Each Score
Percentile by Number Answered
Your Score History
You have not taken this quiz